| 000 | 00503nam a2200217Ia 4500 | ||
|---|---|---|---|
| 003 | OSt | ||
| 005 | 20220524121635.0 | ||
| 008 | 210210b1997 xxu||||| |||| 00| 0 eng d | ||
| 020 | _a0 07 463440 2 | ||
| 040 | _cAL | ||
| 041 | _aEnglish | ||
| 082 | _a540 VENC | ||
| 100 |
_aVENUGOPAL (R) & others. _938736 |
||
| 245 | _aChemistry II P U C | ||
| 260 |
_aN D _bT M H _c1997 |
||
| 300 | _axii,543 | ||
| 650 |
_aII P U C _938737 |
||
| 690 |
_aChemistry _938738 |
||
| 906 | _a052030 | ||
| 942 |
_2ddc _cBK |
||
| 999 |
_c100312 _d100312 |
||